Poética española

Sparad:
Bibliografiska uppgifter
Huvudupphovsman: Montoro Sanchis, Antonio (autor)
Materialtyp: Bok
Språk:spanska
Publicerad: Barcelona Gustavo Gili 1949
Ämnen:
Taggar: Lägg till en tagg
Inga taggar, Lägg till första taggen!

MARC

LEADER 00000nam a2200000 a 4500
001 UCY8702
003 CL-VaPUC
008 950707e19490000SP |||||||||||||||||spa|d
082 0 4 |a 861.09  |b MON  |2 21 
100 |a Montoro Sanchis, Antonio  |e autor  |9 340352 
245 1 0 |a Poética española 
300 |a 280 p 
942 |c BK 
945 |d 19950707 00:00:00  |a rbrito 
260 |a Barcelona  |b Gustavo Gili  |c 1949 
650 0 |a Poesía española  |9 264938 
650 0 |a Historia  |9 255047 
650 0 |a Crítica literaria   |9 269189 
650 0 |a Edad media  |9 258041 
650 0 |a Renacimiento  |9 255107 
651 0 |a España  |9 254926 
583 |a last modification  |c 19950707 00:00:00  |k Rodrigo Vera 
999 |c 235923  |d 235921 
952 |0 0  |1 0  |4 0  |6 861_090000000000000_MON_1949  |7 0  |8 A  |9 243665  |a BIBEDU  |b BIBEDU  |d 2019-11-18  |i 3096769  |l 1  |o 861.09 MON 1949  |p 3096769  |r 2024-06-06  |s 2024-06-03  |w 2019-11-18  |y BK  |k LIT